Doechii Charting Songs (Billboard Hot 100) - Statistics

General Stats
  • This quiz has been taken 63 times
    10 since last reset
  • The average score is 6 of 9
Answer Stats
Album Weeks On Peak Artist(s) Song % Correct
Alligator Bites Never Heal 20 Weeks #9 Doechii Anxiety
100%
Boy Meets World 2 Weeks #45 Sleepy Hallow ft. Doechii A N X I E T Y
100%
CHROMAKOPIA 4 Weeks #56 Tyler, The Creator ft. Doechii BALLOON
60%
Alligator Bites Never Heal 19 Weeks #21 Doechii DENIAL IS A RIVER
60%
Ruby 2 Weeks #75 JENNIE ft. Doechii ExtraL
60%
Non-Album Single 4 Weeks #57 Doechii ft. SZA Girl, Get Up.
60%
Alligator Bites Never Heal 2 Weeks #73 Doechii NISSAN ALTIMA
60%
The Devil Wears Prada 2 4 Weeks #50 Lady Gaga ft. Doechii Runway
60%
Non-Album Single 29 Weeks #29 Doechii ft. Kodak Black What It Is (Block Boy)
40%
No matching quizzes found
Score Distribution
Percent of People with Each Score
Percentile by Number Answered
Your Score History
You have not taken this quiz since the last reset